00542 2200193 4500001002100000008004100021035002000062245007900082100002000161250002000181260003400201300002000235020001600255024001400271084002000285082001400305650002000319990000900339INLIS000000000002114 ind  a0010-0425002114 aNyi Roro Kidul Ratu Laut SelatanbCerita Rakyat NusantaracTira Ikranegara aTira Ikranegara aCetakan pertama aJakarta :bSandro Jaya,c2016 a96 hlm.c21 cm. a602175534-0 a398.2.991 a398.2.991 TIR n a398.2.991 aTira Ikranegara a5779